| 000 | 00383nam a2200145Ia 4500 | ||
|---|---|---|---|
| 008 | 240624s9999 xx 000 0 und d | ||
| 041 | _aeng | ||
| 082 | _a300 SCH | ||
| 100 | _aSCHIRATO TONY | ||
| 245 | _aUNDERSTANDING FOUCAULT A CRITICAL INTROD | ||
| 250 | _a(2nd ed.) | ||
| 260 |
_c2012 _aLondon _bSage Publications |
||
| 300 | _axxviii, : 208 : p. : cm. ; 23 | ||
| 365 |
_cGBP _b38 |
||
| 999 |
_c21650 _d21650 |
||